000 00721nam a2200253 i 4500
001 C2-0080238
003 PPAK
005 20180727083953.0
008 970429s1990 my a|||| ||||| | may d
020 _a9679840239
040 _aPPAK
_beng
_cPPAK
_erda
082 0 4 _a617.6342
_223
090 0 0 _a617.6342
_bMAJ
_dG
100 0 _aMajinah Ahmad,
_eauthor
245 1 0 _aRawatan endodontik cara menyelamatkan gigi daripada dicabut
250 _aRawatan endodontik
264 1 _aKuala Lumpur :
_bNurin Enterprise ,
_c1990
300 _a20 pages :
_billustrations ;
_c18 cm
336 _2rdacontent
_atext
337 _2rdamedia
_aunmediated
338 _2rdacarrier
_avolume
650 1 0 _aEndodontics
942 _ddc
_cB
999 _c14056
_d14056